000 00667nam a22002417a 4500
999 _c17223
_d17223
003 OSt
005 20190121122435.0
008 190121b ||||| |||| 00| 0 eng d
020 _a9780340905791
040 _aSEKU
050 _aGB 2403.2
_b.B46 2010
100 _aBenn, Douglas I.
245 _aGlaciers and glaciation /
_cDouglas I. Benn and David J.A. Evans.
250 _a2nd ed.
260 _aOxon :
_bHodder Education,
_c2010.
300 _a802 p. :
_bill.
504 _aIncludes bibliographical references and index.
650 _aGlaciers
650 _aGlacial landforms
650 _aGlaciology
700 _aEvans, David J.A.
942 _2lcc
_cGEN